Quiz Ultime sur Cristiano Ronaldo - Statistiques

Statistiques générales
  • Ce quiz a été pris 473 fois
    457 depuis la dernière actualisation
  • Le résultat moyen est 47 sur 70
Statistiques - réponses
Question Réponse % Correct
Pays Portugal
99%
Pied fort Droit
93%
Sa célébration iconique Siuuuu
92%
Quatrième club Juventus Turin
91%
Deuxième club Manchester United
91%
Troisième club Real Madrid
91%
Premier club professionnel Sporting CP
91%
Son numéro iconique 7
90%
Son surnom CR7
90%
Année de naissance 1985
89%
Nombre d'enfants 5
89%
Nombre de Ligue des Champions 5
89%
Année de son retour en Angleterre 2021
88%
Nombre de Ballons d'Or 5
88%
Membre de sa famille qu'il a perdu très tôt Son père
87%
Année de ses débuts en professionnel 2002
84%
Année de ses débuts en sélection 2003
84%
Dernier club Al-Nassr
84%
Île de naissance Madère
84%
Nom de sa femme Georgina Rodriguez
83%
Équipe contre laquelle il inscrit une retournée mythique en LDC en 2018 Juventus Turin
83%
Compétitions dans lesquelles il est le meilleur buteur de l'histoire Ligue des Champions / Euro
82%
Numéro porté durant ses débuts en Espagne 9
80%
Compétitions dans lesquelles il est le meilleur passeur de l'histoire Ligue des Champions / Euro
79%
Nombre de championnats remportés 7
78%
Club dans lequel il a joué le plus longtemps Real Madrid
76%
Coach durant ce record Zinédine Zidane
75%
Record de Ligue des Champions remportées d'affilée 3
74%
Premier trophée en sélection Euro
74%
Année de ce trophée 2016
73%
Année de ce trophée 2019
70%
Équipe contre laquelle il perd en finale de l'Euro en 2004 Grèce
69%
Second trophée en sélection Ligue des Nations
69%
Équipe contre laquelle il inscrit un triplé à la Coupe du Monde 2018 Espagne
67%
Joueur à qui Ronaldo a délivré le plus de passes décisives Karim Benzema
65%
Poste de prédilection Ailier gauche
64%
Équipe contre laquelle il perd sa première finale de la LDC en 2009 FC Barcelone
64%
Joueur ayant délivré le plus de passes décisives à Ronaldo Karim Benzema
64%
Équipe contre laquelle il marque son second but en finale de la LDC en 2014 Atlético Madrid
63%
Équipe contre laquelle il inscrit le dernier tir au but en finale de la LDC en 2016 Atlético Madrid
63%
Équipe contre laquelle il inscrit un doublé en finale de la LDC en 2017 Juventus Turin
63%
Son principal rival durant toutes ses années Lionel Messi
63%
Gardien légendaire allemand contre qui il possède le record de buts Manuel Neuer
63%
Son coéquipier gallois membre de la BBC Gareth Bale
62%
Record de buts en une campagne de la LDC 17
61%
Coach qu'il considère comme son second père Alex Ferguson
61%
Équipe contre laquelle il inscrit un triplé pour qualifier son équipe en LDC en 2019 Atlético Madrid
60%
Son coéquipier français membre de la BBC Karim Benzema
60%
Son tout premier numéro 28
58%
Équipe contre laquelle il marque son premier but en finale de la LDC en 2008 Chelsea
58%
Nombre de championnats différents remportés 3
57%
Nombre de championnats dans lesquels il a fini meilleur buteur 4
56%
Autre mythique célébration réalisée contre le FC Barcelone Calma
56%
Le nombre de buts qu'il souhaite atteindre pour terminer sa carrière 1000
55%
Entraîneur l'ayant humilié et poussé à quitter l'Europe Erik ten Hag
55%
Le seul trophée manquant à sa carrière Coupe du Monde
54%
Son meilleur ami lors de son passage en Espagne Marcelo
54%
Son coéquipier de toujours, depuis sa jeunesse jusqu'en sélection nationale Pepe
54%
Réseau social sur lequel il est la personne la plus suivie au monde Instagram
53%
Équipe contre laquelle il inscrit un triplé en barrage pour qualifier son pays à la Coupe du Monde Suède
52%
Nom complet Cristiano Ronaldo dos Santos Aveiro
50%
Équipe contre laquelle il inscrit un triplé pour qualifier son équipe en LDC en 2016 Wolfsburg
47%
Réseau social sur lequel Ronaldo s'est exporté en 2024 et a explosé des records YouTube
46%
Raison de la perte d'un de ses enfants Fausse couche
40%
Première équipe contre laquelle il inscrit un triplé durant la campagne de la LDC 2016/2017 Bayern Munich
35%
Coach durant ses titres en sélection Fernando Santos
34%
Seconde équipe contre laquelle il inscrit un triplé durant la campagne de la LDC 2016/2017 Atlético Madrid
33%
Cible préférée (club) FC Séville
28%
Montant de son plus gros transfert (en millions) 117 millions
22%
Sa marque d'eau Ursu
8%
Aucun quiz correspondant
Distribution des résultats
% des personnes avec chaque résultat
Percentile par nombre de réponses
Votre historique - résultats
Vous n’avez pas pris ce quiz depuis la dernière actualisation